Sāgare milāẏa D̤ana. (Record no. 66352)
[ view plain ]
| 000 -LEADER | |
|---|---|
| fixed length control field | 00821cam a22002651 4500 |
| 001 - CONTROL NUMBER | |
| control field | sa 65009683 |
| 003 - CONTROL NUMBER IDENTIFIER | |
| control field | DLC |
| 005 - DATE AND TIME OF LATEST TRANSACTION | |
| control field | 20260227112203.0 |
| 008 - FIXED-LENGTH DATA ELEMENTS--GENERAL INFORMATION | |
| fixed length control field | 940713m19581963ii 000 1 beno |
| 010 ## - LIBRARY OF CONGRESS CONTROL NUMBER | |
| LC control number | sa 65009683 |
| 025 ## - OVERSEAS ACQUISITION NUMBER | |
| Overseas acquisition number | PL480:I-B-2046 |
| 035 ## - SYSTEM CONTROL NUMBER | |
| System control number | (OCoLC)30759501 |
| 040 ## - CATALOGING SOURCE | |
| Original cataloging agency | DLC |
| Transcribing agency | CU |
| Modifying agency | CU |
| -- | DLC |
| 041 1# - LANGUAGE CODE | |
| Language code of text/sound track or separate title | ben |
| Language code of original | rus |
| 050 00 - LIBRARY OF CONGRESS CALL NUMBER | |
| Classification number | PG376.S52 |
| Item number | T482 |
| 100 1# - MAIN ENTRY--PERSONAL NAME | |
| Personal name | Sholokhov, Mikhail Aleksandrovich, |
| Dates associated with a name | 1905-1984. |
| 245 10 - TITLE STATEMENT | |
| Title | Sāgare milāẏa D̤ana. |
| 260 ## - PUBLICATION, DISTRIBUTION, ETC. | |
| Date of publication, distribution, etc. | [1958-63] |
| 300 ## - PHYSICAL DESCRIPTION | |
| Extent | 2 v. |
| Dimensions | 22 cm. |
| 500 ## - GENERAL NOTE | |
| General note | In Bengali. |
| 500 ## - GENERAL NOTE | |
| General note | A novel. |
| 500 ## - GENERAL NOTE | |
| General note | Translation of The Don flows home to sea, an English translation of the second part of the author's Tikhil̆ Don. |
| 650 #0 - SUBJECT ADDED ENTRY--TOPICAL TERM | |
| Topical term or geographic name entry element | World War, 1914-1918 |
| Form subdivision | Fiction. |
| 651 #0 - SUBJECT ADDED ENTRY--GEOGRAPHIC NAME | |
| Geographic name | Soviet Union |
| General subdivision | History |
| Chronological subdivision | Revolution, 1917-1921 |
| Form subdivision | Fiction. |
No items available.